Tech Tools for Education Quiz Stats

 Plays Quiz not verified by Sporcle

Score 0/20 Timer 03:00
0 Plays Today
% Correct
Youtube
100%
Google Chrome
90%
Google Drive
80%
Kahoot
70%
Pear Deck
70%
Edulastic
60%
Hapara
60%
Google Classroom
50%
EdPuzzle
40%
Google Cast
40%
% Correct
Khan Academy
40%
Quizizz
40%
Canva
40%
Animoto
30%
flipgrid
30%
Pixlr
30%
Digital Breakout
30%
Padlet
20%
Ted Ed
20%
Plickers
20%

You're not logged in!

Compare scores with friends on all Sporcle quizzes.
OR
Log In

Sporcle TV

Today on Sporcle TV


Watch our educational content, quiz creation guides, and fun videos on Sporcle TV.

Show Comments

Extras

Created Sep 8, 2017ReportNominate
Tags:education, tech, tool

Top Quizzes Today


Score Distribution

Your Account Isn't Verified!

In order to create a playlist on Sporcle, you need to verify the email address you used during registration. Go to your Sporcle Settings to finish the process.

Report this User

Report this user for behavior that violates our Community Guidelines.

Details: